000 00765nam a2200229Ii 4500
003 JO-AjNU
008 230606s9999||||xx |||||||||||||| ||und||
017 _a1454/4/2011
020 _a978-9957-539-08-5
040 _aJO-AjNU
_beng
_erda
_cJO-AjNU
041 _aeng
050 1 4 _aND1488 2011
100 3 _a Art Director Tareq Khoury، Designer heten Zaour , Translator Wathiq Haddadin, English Editor Lis Lawrence,
_eauthor
_93677
245 0 0 _aCalaurs Of Jordan: A callection of paintings by peter lawrence
250 _a1 ed
264 3 1 _aAmman: Jabal Amman Publishers,2011
300 _a128p
336 _atext
_btxt
_2rdacontent
337 _aunmediated
_bn
_2rdamedia
338 _avolume
_bnc
_2rdacarrier
650 4 _aCalaurs Of Jordan-Calaurs
_93678
999 _aE1918
_c1918
_d1918